Megaproject organization and performance : the myth and political reality /

Bibliographic Details
Main Author: Gil, Nuno, (Author)
Format: eBook
Language:English
Published: Newtown Square, Pennsylvania : Project Management Institute, Inc., 2017.
Subjects:
Online Access:Click to View
LEADER 01793nam a2200397 i 4500
001 EBC5301716
003 MiAaPQ
005 20200520144314.0
006 m o d |
007 cr cnu||||||||
008 180308t20172017pau ob 000 0 eng d
020 |z 9781628251760 
020 |a 9781628253764 (e-book) 
035 |a (MiAaPQ)EBC5301716 
035 |a (Au-PeEL)EBL5301716 
035 |a (CaPaEBR)ebr11514270 
035 |a (OCoLC)1027148225 
040 |a MiAaPQ  |b eng  |e rda  |e pn  |c MiAaPQ  |d MiAaPQ 
050 4 |a HD69.P7  |b .M443 2017 
082 0 |a 658.4/04  |2 23 
245 0 0 |a Megaproject organization and performance :  |b the myth and political reality /  |c project investigator and leading author, Professor Nuno Gil, Manchester Business School, The University of Manchester, [and three others]. 
264 1 |a Newtown Square, Pennsylvania :  |b Project Management Institute, Inc.,  |c 2017. 
264 4 |c 2017 
300 |a 1 online resource (180 pages) 
336 |a text  |2 rdacontent 
337 |a computer  |2 rdamedia 
338 |a online resource  |2 rdacarrier 
504 |a Includes bibliographical references. 
588 |a Description based on print version record. 
590 |a Electronic reproduction. Ann Arbor, MI : ProQuest, 2018. Available via World Wide Web. Access may be limited to ProQuest affiliated libraries. 
650 0 |a Project management. 
655 4 |a Electronic books. 
700 1 |a Gil, Nuno,  |e author. 
776 0 8 |i Print version:  |a Gil, Nuno.  |t Megaproject organization and performance : the myth and political reality.  |d Newtown Square, Pennsylvania : Project Management Institute, Inc., c2017   |h x, 170 pages   |z 9781628251760   |w 2017015597 
797 2 |a ProQuest (Firm) 
856 4 0 |u https://ebookcentral.proquest.com/lib/matrademy/detail.action?docID=5301716  |z Click to View